| 000 | 03601cam a22006857i 4500 | ||
|---|---|---|---|
| 001 | 20144961 | ||
| 003 | NUST | ||
| 005 | 20220828155441.0 | ||
| 008 | 171116t20182018paua d b 001 0 eng d | ||
| 010 | _a 2017961224 | ||
| 020 | _a9781683690597 | ||
| 035 | _a(OCoLC)on1007554203 | ||
| 038 | _aAzhar | ||
| 040 |
_aYDX _beng _cYDX _erda _dBDX _dTOH _dSMDRL _dCPL _dILC _dLNC _dJP3 _dUAP _dQQ3 _dJBL _dIGA _dOCLCF _dGK8 _dPAP _dINR _dDLC |
||
| 042 | _alccopycat | ||
| 050 | 0 | 0 |
_aHQ1236 _b.R52 2018 |
| 082 | 0 | 4 |
_a305.4201 _223 _bRIC |
| 100 | 1 |
_aRich, KaeLyn, _eauthor. _994683 |
|
| 245 | 1 | 0 |
_aGirls resist! : _ba guide to activism, leadership, and starting a revolution _cby KaeLyn Rich. |
| 260 |
_aPhiladelphia : _bQuirk Books, _c2018 |
||
| 300 |
_a238 pages : _bcolor illustrations ; _c20 cm |
||
| 336 |
_atext _btxt _2rdacontent |
||
| 337 |
_aunmediated _bn _2rdamedia |
||
| 338 |
_avolume _bnc _2rdacarrier |
||
| 504 | _aIncludes bibliographical references (page 228) and index. | ||
| 505 | 0 | _aPower up the girl resistance -- Creating (and crushing) your first campaign plan -- Protests, petitions, and taking action -- Media, messaging, and talking the talk -- Fundraise for the girl revolution -- Group dynamics and rallying your troops -- Speaking up and standing with -- Caring for yourself and your community. | |
| 520 | _aAn activism handbook for teen girls ready to fight for change, social justice, and equality. Take on the world and make some serious change with this handbook to everything activism, social justice, and resistance. With in-depth guides to everything from picking a cause, planning a protest, and raising money to running dispute-free meetings, promoting awareness on social media, and being an effective ally. Get this handbook to crush inequality, start a revolution, and resist! | ||
| 563 | _aPB | ||
| 650 | 0 |
_aWomen political activists _vJuvenile literature. _994684 |
|
| 650 | 0 |
_aWomen's rights _vJuvenile literature. _994685 |
|
| 650 | 0 |
_aTeenage girls _xPolitical activity _vJuvenile literature. _994686 |
|
| 650 | 0 |
_aTeenage girls _xConduct of life. _994687 |
|
| 650 | 0 |
_aFeminism. _994688 |
|
| 650 | 0 |
_aProtest movements. _994689 |
|
| 650 | 0 |
_aSocial reformers. _982022 |
|
| 650 | 0 |
_aSocial justice. _936462 |
|
| 650 | 0 |
_aHuman rights workers. _994690 |
|
| 650 | 1 |
_aVoluntarism. _992007 |
|
| 650 | 1 |
_aSocial action. _994691 |
|
| 650 | 1 |
_aCommunity development. _994692 |
|
| 650 | 7 |
_aYOUNG ADULT NONFICTION / Girls & Women. _2bisacsh _994693 |
|
| 650 | 7 |
_aYOUNG ADULT NONFICTION / Social Science / Politics & Government. _2bisacsh _994694 |
|
| 650 | 7 |
_aYOUNG ADULT NONFICTION / Social Topics / Civil & Human Rights. _2bisacsh _994695 |
|
| 650 | 7 |
_aFeminism. _2fast _0(OCoLC)fst00922671 _994688 |
|
| 650 | 7 |
_aHuman rights workers. _2fast _0(OCoLC)fst00963353 _994690 |
|
| 650 | 7 |
_aProtest movements. _2fast _0(OCoLC)fst01079826 _994689 |
|
| 650 | 7 |
_aSocial justice. _2fast _0(OCoLC)fst01122603 _936462 |
|
| 650 | 7 |
_aSocial reformers. _2fast _0(OCoLC)fst01122841 _982022 |
|
| 650 | 7 |
_aTeenage girls _xConduct of life. _2fast _0(OCoLC)fst01145419 _994687 |
|
| 650 | 7 |
_aWomen political activists. _2fast _0(OCoLC)fst01178374 _928131 |
|
| 650 | 7 |
_aWomen's rights. _2fast _0(OCoLC)fst01178818 _994049 |
|
| 655 | 0 |
_aYoung adult literature. _994696 |
|
| 655 | 4 |
_aNonfiction. _934973 |
|
| 655 | 7 |
_aJuvenile works. _2fast _0(OCoLC)fst01411637 _994697 |
|
| 655 | 7 |
_aYoung adult nonfiction. _2lcgft _994698 |
|
| 906 |
_a7 _bcbc _ccopycat _d2 _encip _f20 _gy-gencatlg |
||
| 942 |
_2ddc _cLC |
||
| 999 |
_c590536 _d590536 |
||